| 000 | 00318nam a2200109Ia 4500 | ||
|---|---|---|---|
| 008 | 210430s9999 xx 000 0 und d | ||
| 082 | _a601 Z211 O | ||
| 100 | _aSohail H.Zaidi | ||
| 245 |
_aOptical diagnostic Technoiques in Multi Phase Flow _cSohail H.Zaidi |
||
| 260 |
_aUk _bBegell House Inc _c1998 |
||
| 942 |
_cBK _2ddc |
||
| 999 |
_c563486 _d563486 |
||